[Event "ROM-chT Rapid"]
[Site "Sebes"]
[Date "2023.12.02"]
[Round "2.21"]
[White "Negrean, Andrei"]
[Black "Cordea, David"]
[Result "1-0"]
[WhiteElo "1988"]
[BlackElo "2057"]
[PlyCount "47"]
[EventDate "2023.12.02"]
[EventType "team-swiss (rapid)"]
[EventRounds "8"]
[EventCountry "ROU"]
[SourceTitle "CB49_2023"]
[SourceDate "2023.12.06"]
[SourceVersion "1"]
[SourceVersionDate "2023.12.06"]
[SourceQuality "1"]
[WhiteTeam "Central de Sah Club"]
[BlackTeam "Alba Iulia Unirea II"]
[WhiteTeamCountry "ROU"]
[BlackTeamCountry "ROU"]

1. d4 d5 2. c4 dxc4 3. Nf3 Nf6 4. e3 e6 5. Bxc4 Be7 6. 0-0 0-0 7. Nc3 a6 8. b3 b5 9. Bd3 Bb7 10. Bb2 c5 11. dxc5 Bxc5 12. Qe2 Nc6 13. Rac1 Qe7 14. e4 Rfd8 15. e5 Ng4 16. Bxh7+ Kxh7 17. Qe4+ Kg8 18. Qxg4 Nd4 19. Ng5 Nf5 20. Nce4 Nh6 21. Qh5 Bxe4 22. Nxe4 Bd4 23. Bxd4 Rxd4 24. Nf6+ 1-0

[Event "Sebes Romanian Rapid op"]
[Site "Sebes"]
[Date "2022.12.02"]
[Round "8"]
[White "Cordea, David"]
[Black "Dobre, Ana Margareta Alexa"]
[Result "1-0"]
[WhiteElo "2049"]
[BlackElo "1857"]
[PlyCount "43"]
[EventDate "2022.12.02"]
[EventType "swiss (rapid)"]
[EventRounds "8"]
[EventCountry "ROU"]
[SourceTitle "CBM 211 Extra"]
[Source "ChessBase"]
[SourceDate "2023.01.31"]
[SourceVersion "1"]
[SourceVersionDate "2023.01.31"]
[SourceQuality "1"]

1. d4 Nf6 2. Nf3 d5 3. Bf4 e6 4. e3 Be7 5. c4 0-0 6. h3 c5 7. dxc5 Bxc5 8. Nc3 Bb4 9. Qb3 Nc6 10. 0-0-0 Bxc3 11. Qxc3 Ne4 12. Qe1 Qb6 13. Bd3 f5 14. Bxe4 fxe4 15. Ne5 d4 16. Kb1 d3 17. f3 Rf5 18. Nxc6 bxc6 19. fxe4 Ra5 20. Qc3 Ba6 21. Rxd3 Ra4 22. Rd7 1-0

[Event "Sebes Romanian Rapid op"]
[Site "Sebes"]
[Date "2022.12.02"]
[Round "7"]
[White "Kedves, Lorand"]
[Black "Cordea, David"]
[Result "0-1"]
[WhiteElo "1612"]
[BlackElo "2049"]
[PlyCount "102"]
[EventDate "2022.12.02"]
[EventType "swiss (rapid)"]
[EventRounds "8"]
[EventCountry "ROU"]
[SourceTitle "CBM 211 Extra"]
[Source "ChessBase"]
[SourceDate "2023.01.31"]
[SourceVersion "1"]
[SourceVersionDate "2023.01.31"]
[SourceQuality "1"]

1. d4 Nf6 2. Bf4 g6 3. e3 Bg7 4. h3 0-0 5. Nf3 c5 6. c3 b6 7. Nbd2 Bb7 8. Be2 d6 9. 0-0 Nbd7 10. Rc1 Re8 11. Bg3 e5 12. dxe5 Nxe5 13. Nxe5 dxe5 14. Bf3 e4 15. Be2 Qe7 16. Qb3 Rad8 17. Rcd1 Rd5 18. Bc4 Rdd8 19. Bb5 Rf8 20. Bh4 a6 21. Be2 Qc7 22. Bg3 Qc6 23. Nc4 Nd5 24. Ne5 Qe6 25. Nc4 b5 26. Na5 Ba8 27. c4 Qb6 28. cxd5 Qxa5 29. a3 c4 30. Qc2 Bxd5 31. Rd2 c3 32. bxc3 Bxc3 33. Rdd1 Qxa3 34. Qb1 Bf6 35. Bc7 Rd7 36. Bb6 Rb8 37. Bg4 Ba2 38. Bc5 Bxb1 39. Bxa3 Rxd1 40. Rxd1 Bd3 41. Bd6 Rb6 42. Bc7 Rb7 43. Ba5 b4 44. Rc1 b3 45. Rc8+ Kg7 46. Rc1 b2 47. Rd1 b1Q 48. Rxb1 Rxb1+ 49. Kh2 Ra1 50. Bb6 a5 51. Bd7 Be5+ 0-1

[Event "Alba Iulia Romania 100 op"]
[Site "Alba Iulia"]
[Date "2018.11.14"]
[Round "4"]
[White "Filip, Lucian Ioan"]
[Black "Cordea, David"]
[Result "1-0"]
[WhiteElo "2432"]
[BlackElo "2022"]
[PlyCount "79"]
[EventDate "2018.11.12"]
[EventType "swiss"]
[EventRounds "9"]
[EventCountry "ROU"]
[SourceTitle "CBM 187 Extra"]
[Source "ChessBase"]
[SourceDate "2018.11.04"]
[SourceVersion "1"]
[SourceVersionDate "2018.11.04"]
[SourceQuality "1"]

1. Nf3 Nf6 2. c4 e6 3. g3 d5 4. d4 dxc4 5. Bg2 Bb4+ 6. Bd2 Bxd2+ 7. Nbxd2 0-0 8. Nxc4 a5 9. 0-0 b6 10. Rc1 Bb7 11. Nce5 Nfd7 12. Nxd7 Nxd7 13. Qc2 c6 14. Rfd1 Qc7 15. a3 Rac8 16. b4 axb4 17. axb4 Qd6 18. Qb1 h6 19. Nd2 Ba6 20. e3 Nf6 21. Nc4 Bxc4 22. Rxc4 b5 23. Rc5 Nd7 24. Rc3 Rc7 25. Rdc1 Rfc8 26. h3 Nb6 27. Kh2 Nc4 28. Bf1 Nd2 29. Qb2 Nxf1+ 30. Rxf1 e5 31. Rd1 exd4 32. Rxd4 Qe7 33. Rc5 Rd8 34. Qc2 Rxd4 35. exd4 Rd7 36. Re5 Qf8 37. Qxc6 Rd8 38. Qc5 Qxc5 39. dxc5 Rd4 40. c6 1-0

[Event "ROM-chT2"]
[Site "Olanesti"]
[Date "2013.10.12"]
[Round "1.5"]
[White "Secheres, Adrian Simion"]
[Black "Cordea, David"]
[Result "0-1"]
[WhiteElo "2166"]
[BlackElo "2069"]
[PlyCount "136"]
[EventDate "2013.10.12"]
[EventType "team-tourn"]
[EventRounds "9"]
[EventCountry "ROU"]
[SourceTitle "EXT 2014"]
[Source "ChessBase"]
[SourceDate "2013.11.20"]
[SourceVersion "1"]
[SourceVersionDate "2013.11.20"]
[SourceQuality "1"]
[WhiteTeam "Timis Sinandrei"]
[BlackTeam "Cluj Napoca"]
[WhiteTeamCountry "ROU"]
[BlackTeamCountry "ROU"]

1. d4 d5 2. c4 c6 3. Nf3 Nf6 4. Nc3 g6 5. Bf4 Bg7 6. e3 0-0 7. Rc1 Bg4 8. Qb3 Qb6 9. Nd2 Nbd7 10. h3 Be6 11. c5 Qxb3 12. axb3 b5 13. b4 a5 14. bxa5 Rxa5 15. b4 Ra6 16. Be2 Rfa8 17. 0-0 Nf8 18. Nb3 Ne4 19. Na5 Nxc3 20. Rxc3 Bd7 21. Rd1 f6 22. e4 Ne6 23. Be3 Nc7 24. Bf3 dxe4 25. Bxe4 e6 26. Bf4 Nd5 27. Bxd5 exd5 28. Re3 Re8 29. Rxe8+ Bxe8 30. Re1 Kf7 31. Nb7 Ra8 32. Bc7 Bd7 33. Nd8+ Kf8 34. Nb7 Re8 35. Ra1 f5 36. Nd6 Re2 37. Ra8+ Ke7 38. Nb7 Bxd4 39. Bd6+ Kf6 40. Rf8+ Kg7 41. Rd8 Be8 42. Kf1 Re6 43. Bf4 Bc3 44. g3 Re7 45. Nd6 Bf7 46. Bg5 Rc7 47. Bf4 Re7 48. Bg5 Ra7 49. Rc8 d4 50. Nxf7 Kxf7 51. Rxc6 Bxb4 52. Rb6 d3 53. Rf6+ Ke8 54. Re6+ Kf7 55. Rf6+ Kg7 56. Rd6 Bxc5 57. Rxd3 Be7 58. Bd2 b4 59. Rb3 Kf7 60. Ke2 Rb7 61. Kd3 Ke6 62. Kc4 Rc7+ 63. Kd3 Kd5 64. h4 Ra7 65. f3 Ra3 66. Rxa3 bxa3 67. Bc3 Bd6 68. f4 h5 0-1

[Event "Satu Mare Tasnad op"]
[Site "Satu Mare"]
[Date "2013.09.28"]
[Round "5"]
[White "Cordea, David"]
[Black "Petrisor, Adrian Marian"]
[Result "0-1"]
[WhiteElo "2069"]
[BlackElo "2396"]
[PlyCount "108"]
[EventDate "2013.09.26"]
[EventType "swiss"]
[EventRounds "7"]
[EventCountry "ROU"]
[SourceTitle "EXT 2014"]
[Source "ChessBase"]
[SourceDate "2013.11.20"]
[SourceVersion "1"]
[SourceVersionDate "2013.11.20"]
[SourceQuality "1"]

1. e4 c5 2. Nc3 Nc6 3. Nf3 d6 4. d4 cxd4 5. Nxd4 Nf6 6. Be3 Bd7 7. f3 Rc8 8. Qd2 a6 9. Be2 e6 10. 0-0 Be7 11. Kh1 0-0 12. a4 Na5 13. Nb3 Nc4 14. Bxc4 Rxc4 15. a5 Qb8 16. Rf2 Rfc8 17. Qd1 Be8 18. Rd2 Nd7 19. Na4 Rd8 20. Nb6 Nxb6 21. Bxb6 Rdc8 22. Nd4 Bg5 23. Rf2 Bd7 24. c3 Be3 25. Re2 Bf4 26. Nc2 Ba4 27. Rxa4 Rxa4 28. b3 Ra2 29. Qb1 Rxc2 30. Qxc2 Be5 31. c4 Rc6 32. Qd3 Qe8 33. g3 Bf6 34. Kg2 Bd8 35. Bxd8 Qxd8 36. b4 Qc7 37. Rc2 h6 38. Qd4 b6 39. axb6 Rxb6 40. c5 Rc6 41. Qd3 h5 42. Qc4 a5 43. e5 d5 44. Qb5 axb4 45. Qxb4 Qxe5 46. Qb5 Qc7 47. f4 d4 48. Kh3 g6 49. Rd2 Qc8 50. Kg2 Rxc5 51. Qb6 Qa8+ 52. Kf2 Rc3 53. Rxd4 Qf3+ 54. Ke1 Re3+ 0-1

[Event "Satu Mare Tasnad op"]
[Site "Satu Mare"]
[Date "2013.09.28"]
[Round "4"]
[White "Samu, Sorin Mihai"]
[Black "Cordea, David"]
[Result "0-1"]
[WhiteElo "2141"]
[BlackElo "2069"]
[PlyCount "110"]
[EventDate "2013.09.26"]
[EventType "swiss"]
[EventRounds "7"]
[EventCountry "ROU"]
[SourceTitle "EXT 2014"]
[Source "ChessBase"]
[SourceDate "2013.11.20"]
[SourceVersion "1"]
[SourceVersionDate "2013.11.20"]
[SourceQuality "1"]

1. c4 Nf6 2. Nc3 d6 3. g3 e5 4. Bg2 Be7 5. e3 0-0 6. Nge2 c6 7. d4 Re8 8. 0-0 Na6 9. b3 Nc7 10. dxe5 dxe5 11. Qc2 Ne6 12. Bb2 Qc7 13. Rad1 Bf8 14. Rd2 Bd7 15. Rfd1 Rad8 16. Ne4 Nxe4 17. Qxe4 Ng5 18. Qc2 Bb4 19. Nc3 Bg4 20. Rxd8 Rxd8 21. Rxd8+ Qxd8 22. h4 Nf3+ 23. Bxf3 Bxf3 24. a3 Qd7 25. Kh2 Be7 26. Ne2 f6 27. b4 b5 28. cxb5 cxb5 29. e4 Qg4 30. Ng1 Kf8 31. Qc3 Bd1 32. Qc6 Ba4 33. f3 Qh5 34. Qa8+ Qe8 35. Qxa7 Qc6 36. Qe3 Qc2+ 37. Qe2 Qb1 38. Kg2 Bc2 39. Bc3 Bd3 40. Qe1 Qa2+ 41. Qd2 Qc4 42. Bb2 f5 43. exf5 e4 44. Qc3 Bf6 45. Qxc4 bxc4 46. Bc1 Bd4 47. fxe4 Bxe4+ 48. Nf3 h5 49. a4 Ke7 50. Bg5+ Kd6 51. b5 c3 52. Bc1 Kc5 53. f6 gxf6 54. Ba3+ Kc4 55. Be7 c2 0-1

[Event "ROM-chTA"]
[Site "Olanesti"]
[Date "2012.10.07"]
[Round "2.6"]
[White "Cordea, David"]
[Black "Pisu, Robert Daniel"]
[Result "1-0"]
[WhiteElo "2001"]
[BlackElo "2043"]
[PlyCount "105"]
[EventDate "2012.10.06"]
[EventType "team-tourn"]
[EventRounds "9"]
[EventCountry "ROU"]
[SourceTitle "CBM 150 Extra"]
[Source "ChessBase"]
[SourceDate "2012.10.19"]
[SourceVersion "1"]
[SourceVersionDate "2012.10.19"]
[SourceQuality "1"]
[WhiteTeam "Cugir CSO"]
[BlackTeam "Galati"]
[WhiteTeamCountry "ROU"]
[BlackTeamCountry "ROU"]

1. d4 Nf6 2. Nf3 g6 3. c4 Bg7 4. Nc3 d5 5. Bf4 0-0 6. e3 c5 7. Qb3 dxc4 8. Bxc4 Nc6 9. dxc5 Nh5 10. Bxf7+ Rxf7 11. Ng5 Qf8 12. Bc7 h6 13. Nxf7 Qxf7 14. Qb5 a6 15. Qa4 Be6 16. 0-0 Rc8 17. Bg3 Bc4 18. Rfd1 Nxg3 19. hxg3 Rf8 20. Rd2 Ne5 21. Qc2 Bd3 22. Qb3 Qxb3 23. axb3 Bf5 24. Rad1 Nc6 25. e4 Bxc3 26. bxc3 Bxe4 27. g4 g5 28. f3 Bg6 29. Rd7 Rb8 30. b4 Bf7 31. Re1 Kf8 32. Kf2 Ke8 33. Rd2 Rd8 34. Rxd8+ Kxd8 35. Rh1 a5 36. bxa5 Nxa5 37. Rxh6 Kd7 38. f4 gxf4 39. g5 Nc6 40. g6 Bc4 41. Kf3 e5 42. g7 Bg8 43. Rf6 Bd5+ 44. Kg4 Bg8 45. Kf5 Bh7+ 46. Kg5 Ne7 47. Rd6+ Ke8 48. Kf6 Bg8 49. Kxe5 Nc8 50. Rf6 Bf7 51. Rxf4 Ne7 52. Kd6 Ng6 53. Rg4 1-0

[Event "Arad op"]
[Site "Arad"]
[Date "2012.07.29"]
[Round "3"]
[White "Cordea, David"]
[Black "Zlatariu, Marin"]
[Result "1-0"]
[WhiteElo "2030"]
[BlackElo "1844"]
[PlyCount "89"]
[EventDate "2012.07.27"]
[EventType "swiss"]
[EventRounds "9"]
[EventCountry "ROU"]
[SourceTitle "CBM 149 Extra"]
[Source "ChessBase"]
[SourceDate "2012.08.24"]
[SourceVersion "1"]
[SourceVersionDate "2012.08.24"]
[SourceQuality "1"]

1. d4 d5 2. c4 c6 3. Nf3 Nf6 4. g3 e6 5. Bg2 Be7 6. 0-0 0-0 7. b3 Nbd7 8. Bb2 Ne4 9. Nfd2 Nd6 10. c5 Ne8 11. e4 dxe4 12. Nxe4 Nef6 13. Nbd2 Nxe4 14. Nxe4 Nf6 15. Qe2 Nxe4 16. Qxe4 Bf6 17. b4 Qc7 18. a4 Bd7 19. Bc3 Rfd8 20. Rfd1 Be8 21. Rab1 a6 22. h4 Rd7 23. Bf3 Rad8 24. h5 Re7 25. h6 g6 26. Qe3 e5 27. dxe5 Rxd1+ 28. Rxd1 Bxe5 29. Bxe5 Qxe5 30. Qc1 Qf6 31. Kg2 g5 32. Rd6 Re6 33. Bg4 Rxd6 34. cxd6 Qxd6 35. Qxg5+ Qg6 36. Qe7 Qxh6 37. Qxe8+ Kg7 38. Qe5+ Kg8 39. Qb8+ Kg7 40. Qxb7 Qg5 41. Bf3 c5 42. bxc5 Qxc5 43. Qxa6 h5 44. Qb5 Qd4 45. Bxh5 1-0

[Event "Baile Felix Cup 27th"]
[Site "Baile Felix"]
[Date "2012.06.05"]
[Round "7"]
[White "Cordea, David"]
[Black "Pop, Alexandru"]
[Result "1-0"]
[WhiteElo "1989"]
[BlackElo "2286"]
[PlyCount "57"]
[EventDate "2012.06.01"]
[EventType "swiss"]
[EventRounds "7"]
[EventCountry "ROU"]
[SourceTitle "CBM 148 Extra"]
[Source "ChessBase"]
[SourceDate "2012.06.22"]
[SourceVersion "1"]
[SourceVersionDate "2012.06.22"]
[SourceQuality "1"]

1. d4 Nf6 2. Nf3 g6 3. c4 Bg7 4. Nc3 0-0 5. g3 d6 6. Bg2 Nc6 7. 0-0 a6 8. d5 Na5 9. Qd3 c5 10. dxc6 Nxc6 11. h3 Be6 12. Nd5 Nxd5 13. cxd5 Nb4 14. Qb3 Nxd5 15. Ng5 Nc7 16. Nxe6 fxe6 17. Qxb7 Rb8 18. Qc6 Bxb2 19. Bxb2 Rxb2 20. Rac1 Nb5 21. e3 Qa5 22. Qd7 Qxa2 23. Ra1 Qc4 24. Rxa6 Nd4 25. Ra7 Nf5 26. g4 Nh6 27. Qxe7 Nf7 28. Qf6 Rb6 29. Rxf7 1-0

[Event "ROM-ch U14 Boys"]
[Site "Voineasa"]
[Date "2008.04.18"]
[Round "9"]
[White "Cordea, David"]
[Black "Dicu, Razvan Stefan"]
[Result "1/2-1/2"]
[WhiteElo "717"]
[BlackElo "1033"]
[PlyCount "112"]
[EventDate "2008.04.08"]
[EventType "swiss"]
[EventRounds "9"]
[EventCountry "ROU"]
[SourceTitle "EXT 2013"]
[Source "ChessBase"]
[SourceDate "2012.11.22"]
[SourceVersion "1"]
[SourceVersionDate "2012.11.22"]
[SourceQuality "1"]

1. d4 Nf6 2. Nf3 e6 3. c4 b6 4. g3 Bb7 5. Bg2 Bb4+ 6. Bd2 Bxd2+ 7. Nbxd2 d6 8. 0-0 Nbd7 9. Re1 0-0 10. e4 e5 11. Qc2 Qe7 12. Rad1 Rad8 13. dxe5 dxe5 14. Nh4 g6 15. Nb3 Nc5 16. Nxc5 Qxc5 17. Bf3 Ba6 18. b3 b5 19. Qc1 bxc4 20. Rxd8 Rxd8 21. Qg5 Qe7 22. Nf5 Qe6 23. Bg4 Qb6 24. Ne7+ Kg7 25. Qxe5 Qd6 26. Qxd6 cxd6 27. Bf3 cxb3 28. axb3 Re8 29. Nc6 Bb7 30. Nxa7 Bxe4 31. Bxe4 Rxe4 32. Rxe4 Nxe4 33. b4 Kf8 34. Nc6 Ke8 35. f3 Nc3 36. Kf2 Kd7 37. Nd4 Nd5 38. Nc2 Kc6 39. Ke2 Ne7 40. Kd3 h5 41. Kc4 d5+ 42. Kd4 Kd6 43. g4 Nc6+ 44. Ke3 hxg4 45. fxg4 g5 46. h3 Ne5 47. Nd4 Nc4+ 48. Kd3 Ke5 49. Nc6+ Kd6 50. Nd4 Nb6 51. Nf3 f6 52. Kd4 Nd7 53. Ke3 Nf8 54. h4 gxh4 55. Nxh4 Ke5 56. Nf3+ Kd6 1/2-1/2